Gathering the sun : (Record no. 4085)

MARC details
000 -LEADER
fixed length control field 01575cam a2200445 a 4500
001 - CONTROL NUMBER
control field 4085
003 - CONTROL NUMBER IDENTIFIER
control field FISKH
005 - DATE AND TIME OF LATEST TRANSACTION
control field 20250828130818.0
008 - FIXED-LENGTH DATA ELEMENTS--GENERAL INFORMATION
fixed length control field 960123s1997 nyua j 000 0 spa
010 ## - LIBRARY OF CONGRESS CONTROL NUMBER
LC control number 96003701
020 ## - INTERNATIONAL STANDARD BOOK NUMBER
International Standard Book Number 0688139035 (alk. paper)
020 ## - INTERNATIONAL STANDARD BOOK NUMBER
International Standard Book Number 9780439250771
020 ## - INTERNATIONAL STANDARD BOOK NUMBER
International Standard Book Number 0688139043 (lib. bdg. : alk. paper)
040 ## - CATALOGING SOURCE
Original cataloging agency DLC
Transcribing agency DLC
Modifying agency DLC
Language of cataloging eng
041 0# - LANGUAGE CODE
Language code of text/sound track or separate title spaeng
042 ## - AUTHENTICATION CODE
Authentication code lcac
050 00 - LIBRARY OF CONGRESS CALL NUMBER
Classification number PQ7079.2.A32
Item number G38 1997
082 00 - DEWEY DECIMAL CLASSIFICATION NUMBER
Classification number 861
Edition number 20
100 1# - MAIN ENTRY--PERSONAL NAME
Personal name Ada, Alma Flor.
245 10 - TITLE STATEMENT
Title Gathering the sun :
Remainder of title an Alphabet in Spanish and English /
Statement of responsibility, etc. Alma Flor Ada ; illustrated by Simon Silva ; English translation by Rosa Zubizarreta.
250 ## - EDITION STATEMENT
Edition statement First Scholastic Printing, November 2000
260 ## - PUBLICATION, DISTRIBUTION, ETC.
Place of publication, distribution, etc. New York :
Name of publisher, distributor, etc. Scholastic,
Date of publication, distribution, etc. 1994.
300 ## - PHYSICAL DESCRIPTION
Extent 40 unnumbered pages :
Other physical details color illustrations ;
Dimensions 28 cm
505 ## - FORMATTED CONTENTS NOTE
Formatted contents note P<br/>
520 ## - SUMMARY, ETC.
Summary, etc. A book of poems about working in the fields and nature's bounty, one for each letter of the Spanish alphabet.
521 8# - TARGET AUDIENCE NOTE
Target audience note 650<br/>
Source Lexile AD<br/>
521 8# - TARGET AUDIENCE NOTE
Target audience note P<br/>
Source Raz-Plus<br/>
546 ## - LANGUAGE NOTE
Language note Spanish and English.
650 #0 - SUBJECT ADDED ENTRY--TOPICAL TERM
Topical term or geographic name entry element Children's poetry, Hispanic American (Spanish)
650 #0 - SUBJECT ADDED ENTRY--TOPICAL TERM
Topical term or geographic name entry element Spanish language
General subdivision Alphabet.
650 #0 - SUBJECT ADDED ENTRY--TOPICAL TERM
Topical term or geographic name entry element Agricultural laborers
General subdivision Juvenile poetry.
650 #1 - SUBJECT ADDED ENTRY--TOPICAL TERM
Topical term or geographic name entry element Hispanic American poetry (Spanish)
650 #1 - SUBJECT ADDED ENTRY--TOPICAL TERM
Topical term or geographic name entry element Alphabet.
650 #1 - SUBJECT ADDED ENTRY--TOPICAL TERM
Topical term or geographic name entry element Agricultural laborers
General subdivision Poetry.
650 #1 - SUBJECT ADDED ENTRY--TOPICAL TERM
Topical term or geographic name entry element Spanish language materials
General subdivision Bilingual.
700 1# - ADDED ENTRY--PERSONAL NAME
Personal name Silva, Simon,
Relator term illustrator
906 ## - LOCAL DATA ELEMENT F, LDF (RLIN)
a 7
b cbc
c orignew
d 1
e ocip
f 19
g y-gencatlg
942 ## - ADDED ENTRY ELEMENTS (KOHA)
Source of classification or shelving scheme Dewey Decimal Classification
Koha item type Books
Suppress in OPAC No
Holdings
Withdrawn status Lost status Source of classification or shelving scheme Damaged status Not for loan Collection Home library Current library Shelving location Date acquired Total Checkouts Full call number Barcode Date last seen Date last checked out Copy number Price effective from Koha item type
    Dewey Decimal Classification     Juvenile Fiction Footprints International School Library Network Toul Kork Campus Footprints International School Library Network Toul Kork Campus TK Primary Library Room(4th Floor), Bookcase 5&6, Shelves 33-56, Orange Books 06/06/2024 1 ADA 861 PQ7079.A32 FISBK05637 02/23/2026 01/30/2026 1 06/06/2024 Books
    Dewey Decimal Classification     Juvenile Fiction Footprints International School Library Network Toul Kork Campus Footprints International School Library Network Toul Kork Campus TK Primary Library Room(4th Floor), Bookcase 5&6, Shelves 33-56, Orange Books 10/23/2024   ADA 861 PQ7079.A32 FISTK04171 10/23/2024   2 10/23/2024 Books
    Dewey Decimal Classification     Juvenile Fiction Footprints International School Library Network Toul Kork Campus Footprints International School Library Network Toul Kork Campus TK Primary Library Room(4th Floor), Bookcase 5&6, Shelves 33-56, Orange Books 01/27/2025   ADA 861 PQ7079.A32 FISTK04170 01/27/2025   4 01/27/2025 Books
    Dewey Decimal Classification     Juvenile Fiction Footprints International School Library Network Toul Kork Campus Footprints International School Library Network Toul Kork Campus TK Primary Library Room(4th Floor), Bookcase 5&6, Shelves 33-56, Orange Books 04/21/2025 1 ADA 861 PQ7079.A32 FISTK02409 02/23/2026 01/30/2026 6 04/21/2025 Books
    Dewey Decimal Classification     Juvenile Fiction Footprints International School Library Network Toul Kork Campus Footprints International School Library Network Toul Kork Campus TK Primary Library Room(4th Floor), Bookcase 5&6, Shelves 33-56, Orange Books 04/22/2025   ADA 861 PQ7079.A32 FISTK03939 04/22/2025   7 04/22/2025 Books
    Dewey Decimal Classification     Juvenile Fiction Footprints International School Library Network Toul Tom Poung Campus Footprints International School Library Network Toul Tom Poung Campus TTP Primary Orange Bookshelves 01/27/2025   ADA 861 PQ7079.A32 FISTK01944 01/27/2025   3 01/27/2025 Books
    Dewey Decimal Classification     Juvenile Fiction Footprints International School Library Network Toul Tom Poung Campus Footprints International School Library Network Toul Tom Poung Campus TTP Primary Orange Bookshelves 03/27/2025   ADA 861 PQ7079.A32 2025-0816 03/27/2025   5 03/27/2025 Books
    Dewey Decimal Classification     Juvenile Fiction Footprints International School Library Network Toul Tom Poung Campus Footprints International School Library Network Toul Tom Poung Campus TTP Primary Orange Bookshelves 08/13/2025   ADA 861 PQ7079.A32 FISTK03984 08/13/2025   7 08/13/2025 Books
    Dewey Decimal Classification     Juvenile Fiction Footprints International School Library Network Toul Tom Poung Campus Footprints International School Library Network Toul Tom Poung Campus TTP Primary Orange Bookshelves 08/28/2025   ADA 861 PQ7079.A32 FISTK04172 08/28/2025   8 08/28/2025 Books
    Dewey Decimal Classification     Juvenile Fiction Footprints International School Library Network Toul Tom Poung Campus Footprints International School Library Network Toul Tom Poung Campus TTP Primary Orange Bookshelves 08/28/2025   ADA 861 PQ7079.A32 FIS02096 08/28/2025   9 08/28/2025 Books